Comentarios acerca del texto ordenado CPCECABA (Registro nro. 9899)
[ vista simple ]
| 000 -LEADER | |
|---|---|
| fixed length control field | 00373 a2200121 4500 |
| 001 - CONTROL NUMBER | |
| control field | ART_25944 |
| 005 - DATE AND TIME OF LATEST TRANSACTION | |
| control field | 20260410161603.0 |
| 008 - FIXED-LENGTH DATA ELEMENTS--GENERAL INFORMATION | |
| fixed length control field | 260409a |
| 100 1# - MAIN ENTRY--PERSONAL NAME | |
| Personal name | Montanini, Gustavo Amado |
| 245 10 - TITLE STATEMENT | |
| Title | Comentarios acerca del texto ordenado CPCECABA |
| 700 1# - ADDED ENTRY--PERSONAL NAME | |
| Personal name | Wainstein, Mario |
| 773 0# - HOST ITEM ENTRY | |
| Title | Profesional & Empresaria |
| Related parts | - Año IV, Nº 50 (nov. 2003) |
| Record control number | REV70 |
No hay ítems disponibles.